[Event "SN-2012-0-00444"]
[Site "LSS email"]
[Date "2012.07.07"]
[Round "?"]
[White "Fonteboa Seller, Manuel"]
[Black "Venturas, Bob"]
[Result "0-1"]
[WhiteElo "800"]
[BlackElo "730"]
[PlyCount "20"]
[EventDate "2012.06.14"]
[EventType "tourn (corr)"]
[EventRounds "6"]
[EventCountry "GER"]
[SourceTitle "Corr 2015"]
[Source "ChessBase"]
[SourceDate "2015.07.17"]
[SourceVersion "1"]
[SourceVersionDate "2015.07.17"]
[SourceQuality "1"]

1. e4 e5 2. Nf3 Nc6 3. Bb5 d6 4. d4 Bd7 5. 0-0 Nce7 6. Bxd7+ Qxd7 7. dxe5 0-0-0 8. exd6 cxd6 9. Be3 b6 10. a4 Nc6 0-1